000 00624nam a2200205 a 4500
999 _c23295
_d23295
001 vtls000144022
005 20220823091713.0
008 000816s1986 xo a f 000 0 slo d
035 _aUKB000153278
040 _aBAA001
_bslo
_cBAA001
_eAACR2
041 0 _aslo
044 _axo
_cSK
100 1 _aFrický, Alexander
_93283
245 1 0 _aMestské pamiatkové rezervácie na Slovensku
260 _aMartin
_bOsveta
_c1986
300 _a230 s.
_bfotogr.
500 _aRes.Rus.,nem.,angl.,mad.-Frontsp.*kd 1578-81/86
650 0 7 _arezervácie pamiatkové mestské
_zSlovensko
_93284
700 1 _aDeneš, Ladislav
_4pht
_93285